10hd movie trailars, 5games, 7games trailers 1gb of multimed (Record no. 139270)
[ view plain ]
| 000 -LEADER | |
|---|---|
| fixed length control field | 00252nmm a2200085Ia 4500 |
| 008 - FIXED-LENGTH DATA ELEMENTS--GENERAL INFORMATION | |
| fixed length control field | 220120s9999||||xx |||||||||||||||||und|| |
| 100 ## - MAIN ENTRY--PERSONAL NAME | |
| Personal name | DIGIT-JAN-2009 |
| 245 #0 - TITLE STATEMENT | |
| Title | 10hd movie trailars, 5games, 7games trailers 1gb of multimed |
| 260 ## - PUBLICATION, DISTRIBUTION, ETC. | |
| Place of publication, distribution, etc. | Infomedia18 |
| Date of publication, distribution, etc. | 2009 |
| Withdrawn status | Lost status | Damaged status | Not for loan | Home library | Current library | Date acquired | Barcode | Date last seen | Price effective from | Koha item type |
|---|---|---|---|---|---|---|---|---|---|---|
| Central Library | Central Library | 01/20/2022 | CD821 | 01/20/2022 | 01/20/2022 | Compact Disc |